000 00369nam a22001577a 4500
003 MPLRDC
005 20220104114500.0
008 210129b ||||| |||| 00| 0 eng d
082 _a857.457 LG c.2
100 _a不详
245 _a清宫四大奇案
_c
260 _a
_b雷鼓出版社
_c1987
300 _b
650 _a历史小说
942 _cBK
_o857.457 LG c.2
999 _c7822
_d7812